000 00643nam a2200277Ia 4500
005 20260324124617.0
008 008 260324s9999 xx 000 0 eng d
020 _a9781315428574
037 _aEBOOK
040 _aCRL
040 _beng
040 _cCRL
041 _2eng
041 _aeng
084 _qCRL
100 _aKaren O Bruhns; Nancy L Kelker
_91174823
245 0 _aFaking the Ancient Andes
260 _bTaylor and Francis
260 _c2010
365 _a
365 _b240
856 _uhttp://www.taylorfrancis.com/books/9781315428574
942 _cEBOOK
999 _c1769347
_d1769347